[Event "BL 1718 Speyer-Schwegenheim - SV Hofhei"]
[Site "?"]
[Date "2018.04.29"]
[Round "13.1"]
[White "Volokitin, Andrei"]
[Black "Oleksiyenko, Mykhaylo"]
[Result "1/2-1/2"]
[WhiteElo "2632"]
[BlackElo "2621"]
[PlyCount "72"]
[EventDate "2018.??.??"]
[EventType "team-tourn"]

1. e4 e5 2. Nf3 Nc6 3. Bb5 Nf6 4. d3 Bc5 5. Nbd2 O-O 6. O-O d6 7. c3 a6 8. Bxc6
bxc6 9. Qc2 Re8 10. b3 d5 11. Nxe5 Rxe5 12. d4 Rh5 13. dxc5 Nxe4 14. Nxe4 Qh4
15. Bf4 Qxf4 16. Ng3 Re5 17. Rfe1 Bd7 18. Rxe5 Qxe5 19. Qd2 Re8 20. Kf1 Qe7 21.
b4 Qh4 22. Kg1 Qc4 23. Re1 Rxe1+ 24. Qxe1 g6 25. Qd2 a5 26. Ne2 Qe4 27. h3 Qb1+
28. Kh2 a4 29. Nd4 a3 30. Qg5 Qxa2 31. Qd8+ Kg7 32. Qxd7 Qxf2 33. Qxc7 a2 34.
Nb3 Qb2 35. Qe5+ Kg8 36. Qe8+ Kg7 1/2-1/2

[Event "BL 1718 Speyer-Schwegenheim - SV Hofhei"]
[Site "?"]
[Date "2018.04.29"]
[Round "13.2"]
[White "Neiksans, Arturs"]
[Black "Schroeder, Jan-Christian"]
[Result "0-1"]
[WhiteElo "2574"]
[BlackElo "2555"]
[PlyCount "108"]
[EventDate "2018.??.??"]
[EventType "team-tourn"]

1. c4 e6 2. g3 d5 3. Bg2 Nf6 4. Nf3 Be7 5. O-O O-O 6. b3 b6 7. cxd5 Nxd5 8. d4
Bb7 9. Bb2 Nf6 10. Nc3 c5 11. dxc5 Bxc5 12. Qxd8 Rxd8 13. Rfd1 Nbd7 14. Nd4
Bxg2 15. Kxg2 Rac8 16. Ndb5 a6 17. Nd6 Rc6 18. Nb7 Rdc8 19. Nxc5 Nxc5 20. Rac1
b5 21. f3 Kf8 22. e4 Ke8 23. Ne2 Nb7 24. Rxc6 Rxc6 25. Rd2 Ke7 26. g4 g6 27.
Nf4 Nd7 28. Kf2 Nbc5 29. Ke3 a5 30. Ne2 a4 31. Ba3 axb3 32. axb3 e5 33. Rc2 Kd8
34. Bb4 Kc7 35. Nc3 Nxb3 36. Nxb5+ Kb6 37. Rxc6+ Kxc6 38. Nd6 Nd4 39. Kd3 f6
40. f4 Ne6 41. Ne8 exf4 42. Ke2 Nec5 43. h4 g5 44. e5 fxe5 45. hxg5 Ne6 46. Be7
e4 47. Nf6 Nd4+ 48. Kf1 e3 49. Nh5 f3 50. Bb4 Ne5 51. Be1 Nxg4 52. Nf6 e2+ 53.
Kg1 f2+ 54. Bxf2 Nf3+ 0-1

[Event "BL 1718 Speyer-Schwegenheim - SV Hofhei"]
[Site "?"]
[Date "2018.04.29"]
[Round "13.3"]
[White "Ginsburg, Gennadi"]
[Black "Kantans, Toms"]
[Result "0-1"]
[WhiteElo "2428"]
[BlackElo "2510"]
[PlyCount "106"]
[EventDate "2018.??.??"]
[EventType "team-tourn"]

1. d4 Nf6 2. Nf3 g6 3. c4 Bg7 4. e3 O-O 5. Be2 d5 6. cxd5 Nxd5 7. O-O c5 8. e4
Nb6 9. d5 e6 10. Bg5 Qd6 11. a4 exd5 12. a5 N6d7 13. Na3 Ne5 14. exd5 Na6 15.
Qd2 Bg4 16. Nxe5 Bxe2 17. Nec4 Bxc4 18. Nxc4 Qd7 19. d6 Rfe8 20. Rfe1 Nb4 21.
h3 Bd4 22. Rad1 Nc6 23. Qd3 Re6 24. Rxe6 Qxe6 25. Be3 Rd8 26. Bxd4 cxd4 27. b3
Qd5 28. Re1 Qb5 29. Qf3 Qb4 30. Kf1 Kg7 31. a6 b5 32. Qxc6 bxc4 33. bxc4 Rxd6
34. Qb5 Qc3 35. Qe5+ Rf6 36. c5 Qc4+ 37. Kg1 d3 38. g4 h6 39. Kg2 Qxa6 40. Qd4
Qc6+ 41. Kg1 Qf3 42. Ra1 Kh7 43. Re1 a5 44. Re8 a4 45. c6 d2 46. Qxd2 Rxc6 47.
Re3 Qf6 48. Qd5 Rd6 49. Qe4 Qa1+ 50. Kg2 Re6 51. Qd5 Rxe3 52. fxe3 Kg7 53. e4
a3 0-1

[Event "BL 1718 Speyer-Schwegenheim - SV Hofhei"]
[Site "?"]
[Date "2018.04.29"]
[Round "13.4"]
[White "Meskovs, Nikita"]
[Black "Perske, Thore"]
[Result "1/2-1/2"]
[WhiteElo "2513"]
[BlackElo "2447"]
[PlyCount "112"]
[EventDate "2018.??.??"]
[EventType "team-tourn"]

1. d4 Nf6 2. Nf3 g6 3. g3 Bg7 4. Bg2 O-O 5. O-O d6 6. b3 c5 7. c4 e5 8. dxe5
dxe5 9. Qxd8 Rxd8 10. Bb2 e4 11. Ng5 Bf5 12. g4 Bxg4 13. Nxe4 Nxe4 14. Bxg7
Kxg7 15. Bxe4 Rd7 16. Nc3 Na6 17. Rfd1 Rb8 18. Rxd7 Bxd7 19. Rd1 Be6 20. Nb5
Nb4 21. Rd2 Kf6 22. f4 Ke7 23. Kf2 f5 24. Bf3 a6 25. Nc3 a5 26. h4 b6 27. a3
Na6 28. Rd3 Nc7 29. Bc6 Ne8 30. Bxe8 Rxe8 31. Re3 Kf7 32. Na4 Rb8 33. Re5 Bd7
34. Nc3 Bc6 35. a4 Re8 36. Rxe8 Kxe8 37. Ke3 Ke7 38. Kd3 Kd6 39. Nd1 Be4+ 40.
Kd2 Ke6 41. Ne3 Bc6 42. Nf1 Bg2 43. Ne3 Bc6 44. Kc3 Be4 45. Nd1 Bc6 46. Nf2 Bg2
47. Kd2 Ke7 48. Nd1 Bc6 49. Nc3 Kd6 50. Nd1 Ke6 51. Ne3 Be4 52. Nf1 Bg2 53. Ng3
Kf6 54. Kd3 Bb7 55. Ke3 Bc6 56. Kd3 Bb7 1/2-1/2

[Event "BL 1718 Speyer-Schwegenheim - SV Hofhei"]
[Site "?"]
[Date "2018.04.29"]
[Round "13.5"]
[White "Lobzhanidze, Davit"]
[Black "Horvath, Adam"]
[Result "1-0"]
[WhiteElo "2424"]
[BlackElo "2486"]
[PlyCount "89"]
[EventDate "2018.??.??"]
[EventType "team-tourn"]

1. e4 c5 2. Nf3 Nc6 3. d4 cxd4 4. Nxd4 g6 5. Nc3 Bg7 6. Be3 Nf6 7. Bc4 O-O 8.
Bb3 Re8 9. O-O d6 10. h3 Na5 11. Qd3 Nxb3 12. axb3 b6 13. b4 Bb7 14. Rfd1 a5
15. bxa5 bxa5 16. Ra2 Nd7 17. Nb3 Ne5 18. Qb5 Bc6 19. Qe2 a4 20. Nd4 Bd7 21. f4
Nc6 22. Nxc6 Bxc6 23. Bd4 Bxd4+ 24. Rxd4 Qb6 25. Qf2 Qb7 26. Rc4 Rab8 27. Qd4
f5 28. exf5 Bxg2 29. fxg6 e5 30. Qf2 Bxh3 31. Ne4 exf4 32. Nf6+ Kh8 33. Nxe8
Rxe8 34. Ra1 Re5 35. Rcxa4 Rg5+ 36. Kh2 Rh5 37. Rxf4 Bf1+ 38. Kg3 Rh3+ 39. Kg4
Qc8+ 40. Rf5 Qc4+ 41. Kg5 h6+ 42. Kf6 Bg2 43. Qxg2 Qh4+ 44. Ke6 Qc4+ 45. Kd7
1-0

[Event "BL 1718 Speyer-Schwegenheim - SV Hofhei"]
[Site "?"]
[Date "2018.04.29"]
[Round "13.6"]
[White "Yankelevich, Lev"]
[Black "Gurevich, Vladimir"]
[Result "1/2-1/2"]
[WhiteElo "2411"]
[BlackElo "2468"]
[PlyCount "41"]
[EventDate "2018.??.??"]
[EventType "team-tourn"]

1. d4 Nf6 2. c4 e6 3. Nf3 b6 4. g3 Ba6 5. b3 Bb4+ 6. Bd2 Be7 7. Bg2 O-O 8. O-O
c6 9. Qc2 d5 10. Rd1 Nbd7 11. Bc1 Rc8 12. Bb2 Qc7 13. Nbd2 c5 14. Rac1 Rfd8 15.
Qb1 Qb8 16. cxd5 exd5 17. e4 dxe4 18. Nxe4 Bb7 19. Nxf6+ Bxf6 20. dxc5 Bxb2 21.
Qxb2 1/2-1/2

[Event "BL 1718 Speyer-Schwegenheim - SV Hofhei"]
[Site "?"]
[Date "2018.04.29"]
[Round "13.7"]
[White "Margolin, Boris"]
[Black "Kovacs, Gabor"]
[Result "1/2-1/2"]
[WhiteElo "2389"]
[BlackElo "2457"]
[PlyCount "98"]
[EventDate "2018.??.??"]
[EventType "team-tourn"]

1. e4 e5 2. Nf3 Nf6 3. Nxe5 d6 4. Nf3 Nxe4 5. Nc3 Nf6 6. d4 Be7 7. Bd3 O-O 8.
h3 Re8 9. O-O Nbd7 10. Re1 Nf8 11. Bf4 Ng6 12. Bh2 c6 13. Qd2 Bd7 14. Rad1 Bf8
15. Rxe8 Bxe8 16. d5 cxd5 17. Bxg6 hxg6 18. Nxd5 Bc6 19. Nxf6+ Qxf6 20. Nd4 Rc8
21. Bf4 Bd7 22. c3 Re8 23. Nc2 Be6 24. Re1 Bd7 25. Rd1 Be6 26. Be3 a6 27. Nb4
Qf5 28. Nd5 Bd7 29. Qd3 Bc6 30. Qxf5 gxf5 31. b3 Re5 32. Nb6 Re4 33. Rd3 f4 34.
Bd2 g5 35. f3 Re6 36. Kf1 Be7 37. c4 Kf8 38. Bb4 Ke8 39. a4 f5 40. Bd2 Bd8 41.
Nd5 Rh6 42. a5 Kf7 43. Bb4 Bd7 44. Be1 Bc6 45. Bb4 Bd7 46. Be1 Bc6 47. h4 g4
48. Nxf4 gxf3 49. gxf3 Bxh4 1/2-1/2

[Event "BL 1718 Speyer-Schwegenheim - SV Hofhei"]
[Site "?"]
[Date "2018.04.29"]
[Round "13.8"]
[White "Hoolt, Sarah"]
[Black "Zude, Arno"]
[Result "0-1"]
[WhiteElo "2393"]
[BlackElo "2372"]
[PlyCount "82"]
[EventDate "2018.??.??"]
[EventType "team-tourn"]

1. e4 e5 2. Nf3 Nc6 3. Bc4 Nf6 4. d4 exd4 5. e5 d5 6. Bb5 Ne4 7. Nxd4 Bc5 8.
O-O O-O 9. Bxc6 bxc6 10. f3 f6 11. exf6 Qxf6 12. c3 Ba6 13. Re1 Rae8 14. Be3
Bd6 15. Nd2 Qh4 16. h3 Nxc3 17. bxc3 Rxe3 18. Rxe3 Qf4 19. Re6 Qh2+ 20. Kf2
Bg3+ 21. Ke3 Qxg2 22. c4 dxc4 23. Qe2 Bf4+ 24. Ke4 Qxe2+ 25. Nxe2 Bxd2 26. Rb1
c3 27. Nxc3 Bxc3 28. Rxc6 Re8+ 29. Kf4 Be5+ 30. Ke3 Bg3+ 31. Kd4 Be2 32. Rb3
Bf2+ 33. Kd5 Be3 34. Rxc7 Bxf3+ 35. Kc4 Be2+ 36. Kd5 Bb6 37. Rd7 Bh5 38. Rg3
Bf7+ 39. Kc6 g6 40. a4 Re6+ 41. Kb7 Be8 0-1

[Event "BL 1718 OSG Baden Baden - SV Hockenheim"]
[Site "?"]
[Date "2018.04.29"]
[Round "13.1"]
[White "Tomashevsky, Evgeny"]
[Black "Aronian, Levon"]
[Result "1/2-1/2"]
[WhiteElo "2714"]
[BlackElo "2767"]
[PlyCount "61"]
[EventDate "2018.??.??"]
[EventType "team-tourn"]

1. c4 Nf6 2. Nc3 e6 3. e4 d5 4. cxd5 exd5 5. e5 Ne4 6. Nf3 Bf5 7. d3 Nxc3 8.
bxc3 c5 9. d4 c4 10. a4 Nc6 11. Be2 Be7 12. O-O O-O 13. Ne1 f6 14. exf6 Rxf6
15. Nc2 Be4 16. Ne3 Na5 17. Ba3 Bxa3 18. Rxa3 Qd6 19. Ra2 Raf8 20. Ng4 Re6 21.
Ne5 Nc6 22. f3 Bg6 23. f4 Nxe5 24. fxe5 Rxf1+ 25. Qxf1 Qd8 26. Qf4 Rb6 27. h4
Qf8 28. Qe3 Qe7 29. Qf4 Qf8 30. Qe3 Qe7 31. Qf4 1/2-1/2

[Event "BL 1718 OSG Baden Baden - SV Hockenheim"]
[Site "?"]
[Date "2018.04.29"]
[Round "13.3"]
[White "Moiseenko, Alexander"]
[Black "Svidler, Peter"]
[Result "1/2-1/2"]
[WhiteElo "2650"]
[BlackElo "2760"]
[PlyCount "43"]
[EventDate "2018.??.??"]
[EventType "team-tourn"]

1. d4 Nf6 2. c4 g6 3. Nc3 d5 4. cxd5 Nxd5 5. e4 Nxc3 6. bxc3 Bg7 7. Nf3 c5 8.
Bb5+ Bd7 9. Be2 Qa5 10. Bd2 O-O 11. O-O Qa4 12. Bg5 cxd4 13. cxd4 h6 14. Be3
Rc8 15. Qd2 Rc2 16. Bd1 Rxd2 17. Bxa4 Rb2 18. Bxd7 Nxd7 19. Rfb1 Rb6 20. a4 Rc8
21. a5 Rxb1+ 22. Rxb1 1/2-1/2

[Event "BL 1718 OSG Baden Baden - SV Hockenheim"]
[Site "?"]
[Date "2018.04.29"]
[Round "13.5"]
[White "Saric, Ivan"]
[Black "Bacrot, Etienne"]
[Result "1-0"]
[WhiteElo "2677"]
[BlackElo "2718"]
[PlyCount "95"]
[EventDate "2018.??.??"]
[EventType "team-tourn"]

1. e4 e5 2. Nf3 Nc6 3. Bb5 Nf6 4. d3 Bc5 5. Nbd2 d6 6. c3 O-O 7. O-O Ne7 8. d4
exd4 9. cxd4 Bb6 10. Re1 Bg4 11. h3 Bh5 12. a4 a6 13. Bf1 Bg6 14. a5 Ba7 15.
Ra4 Nc6 16. d5 Nb8 17. Nh4 Nbd7 18. Ndf3 Re8 19. Nxg6 hxg6 20. Rc4 b5 21. axb6
Bxb6 22. Qc2 a5 23. b3 Bc5 24. e5 Nxd5 25. Bg5 Qb8 26. e6 Rxe6 27. Rxe6 fxe6
28. Qxg6 Nf8 29. Qc2 Nb4 30. Qb2 Qe8 31. Rg4 Qf7 32. Bh6 Ng6 33. h4 gxh6 34. h5
Rf8 35. Kh1 e5 36. Bc4 d5 37. Rxg6+ Kh7 38. Qxe5 Re8 39. Rf6 Rxe5 40. Rxf7+ Kg8
41. Nxe5 dxc4 42. bxc4 Bd4 43. Rf5 a4 44. Nf3 Bb2 45. Ra5 a3 46. Nd2 Nd3 47.
Nb1 Nxf2+ 48. Kg1 1-0

[Event "BL 1718 OSG Baden Baden - SV Hockenheim"]
[Site "?"]
[Date "2018.04.29"]
[Round "13.8"]
[White "Gustafsson, Jan"]
[Black "Braun, Arik"]
[Result "1-0"]
[WhiteElo "2643"]
[BlackElo "2588"]
[PlyCount "75"]
[EventDate "2018.??.??"]
[EventType "team-tourn"]

1. d4 Nf6 2. c4 e6 3. Nc3 Bb4 4. Qc2 d5 5. a3 Bxc3+ 6. Qxc3 dxc4 7. Qxc4 b6 8.
Nf3 Ba6 9. Qa4+ Qd7 10. Qc2 h6 11. Bf4 O-O 12. Rd1 Rc8 13. Ne5 Qe8 14. b4 c5
15. dxc5 bxc5 16. bxc5 Qb5 17. g3 Bb7 18. f3 Qa5+ 19. Kf2 Nd5 20. Bd2 Qxa3 21.
e4 Ne7 22. Rb1 Bc6 23. Be3 Qa5 24. Be2 Be8 25. Rb7 Nec6 26. Nc4 Qd8 27. Rd1 Qf6
28. f4 Qg6 29. Nd6 Rd8 30. Qc3 Bd7 31. g4 e5 32. f5 Qf6 33. Kg3 Nd4 34. Rxd4
exd4 35. Bxd4 Qe7 36. Bxg7 Nc6 37. Bf6 Qf8 38. Bc4 1-0

[Event "BL 1718 SV Mülheim Nord - SV Werder Br"]
[Site "?"]
[Date "2018.04.30"]
[Round "14.1"]
[White "Fressinet, Laurent"]
[Black "Beerdsen, Thomas"]
[Result "1/2-1/2"]
[WhiteElo "2651"]
[BlackElo "2441"]
[PlyCount "41"]
[EventDate "2018.??.??"]
[EventType "team-tourn"]

1. Nf3 Nf6 2. c4 b6 3. g3 Bb7 4. Bg2 e6 5. d4 Be7 6. Nc3 Ne4 7. Bd2 f5 8. d5
Bf6 9. Qc2 O-O 10. Nxe4 fxe4 11. Qxe4 exd5 12. cxd5 Re8 13. Qc2 Bxd5 14. O-O
Be4 15. Qb3+ d5 16. Rfd1 c5 17. Bc3 Bxc3 18. bxc3 Nc6 19. a4 Kh8 20. Nh4 d4 21.
Nf3 1/2-1/2

[Event "BL 1718 SV Mülheim Nord - SV Werder Br"]
[Site "?"]
[Date "2018.04.30"]
[Round "14.2"]
[White "Zelbel, Patrick"]
[Black "Edouard, Romain"]
[Result "0-1"]
[WhiteElo "2424"]
[BlackElo "2621"]
[PlyCount "68"]
[EventDate "2018.??.??"]
[EventType "team-tourn"]

1. e4 c5 2. c3 d5 3. exd5 Qxd5 4. Nf3 Nc6 5. Na3 Bg4 6. Be2 e5 7. d3 f6 8. O-O
Nge7 9. Re1 O-O-O 10. Be3 Nf5 11. Nc4 Qd7 12. Bd2 Nd6 13. Ne3 Be6 14. Qc2 Kb8
15. a3 g5 16. Reb1 g4 17. Ne1 f5 18. b4 f4 19. Nf1 Rg8 20. bxc5 Nf5 21. d4 Ka8
22. Bd3 g3 23. fxg3 fxg3 24. h3 exd4 25. c4 Nh4 26. Be4 d3 27. Qxd3 Qf7 28. Qe3
Bh6 29. Qe2 Bxd2 30. Nxd2 Qf2+ 31. Qxf2 gxf2+ 32. Kxf2 Rxd2+ 33. Ke3 Rd7 34.
Rd1 Re7 0-1

[Event "BL 1718 SV Mülheim Nord - SV Werder Br"]
[Site "?"]
[Date "2018.04.30"]
[Round "14.3"]
[White "Hracek, Zbynek"]
[Black "Hausrath, Daniel"]
[Result "1/2-1/2"]
[WhiteElo "2582"]
[BlackElo "2494"]
[PlyCount "72"]
[EventDate "2018.??.??"]
[EventType "team-tourn"]

1. e4 c6 2. d4 d5 3. e5 Bf5 4. h4 h6 5. g4 Bd7 6. h5 e6 7. f4 c5 8. c3 Qb6 9.
Nf3 Nc6 10. Rh2 Rc8 11. Be3 cxd4 12. cxd4 Bb4+ 13. Kf2 Na5 14. Kg1 Nc4 15. Bc1
f6 16. b3 Na5 17. Bb2 Nc6 18. Rf2 Qd8 19. a3 Ba5 20. b4 Bb6 21. Nc3 Nge7 22.
Na4 f5 23. Nc5 Bxc5 24. dxc5 fxg4 25. Nh4 g3 26. Rg2 O-O 27. Qg4 Nf5 28. Nxf5
Rxf5 29. Bd3 Ne7 30. Rxg3 Qf8 31. Bxf5 Nxf5 32. Rd3 Bb5 33. Rd2 Qf7 34. Bd4 Be8
35. Bf2 Qd7 36. a4 Bf7 1/2-1/2

[Event "BL 1718 SV Mülheim Nord - SV Werder Br"]
[Site "?"]
[Date "2018.04.30"]
[Round "14.4"]
[White "Dinstuhl, Volkmar"]
[Black "Nyback, Tomi"]
[Result "0-1"]
[WhiteElo "2385"]
[BlackElo "2579"]
[PlyCount "62"]
[EventDate "2018.??.??"]
[EventType "team-tourn"]

1. Nf3 d5 2. e3 Nf6 3. c4 c6 4. b3 Bg4 5. Bb2 e6 6. Be2 Nbd7 7. O-O Bd6 8. d4
Ne4 9. Nbd2 f5 10. cxd5 exd5 11. Ne5 Bxe2 12. Qxe2 O-O 13. f3 Nxd2 14. Qxd2 Qe7
15. Nxd7 Qxd7 16. a4 Qe7 17. Rae1 Rae8 18. g3 Rf6 19. Bc3 Re6 20. Qd3 Rxe3 21.
Qxf5 Qf7 22. Qc2 Rxe1 23. Bxe1 Re3 24. Kg2 Qg6 25. Qc1 Rxb3 26. a5 a6 27. Rf2
h6 28. Bc3 Qd3 29. Qe1 Rxc3 30. Qe6+ Kh7 31. Qxd6 Qxd4 0-1

[Event "BL 1718 SV Mülheim Nord - SV Werder Br"]
[Site "?"]
[Date "2018.04.30"]
[Round "14.5"]
[White "Babula, Vlastimil"]
[Black "Zwirs, Nico"]
[Result "1-0"]
[WhiteElo "2556"]
[BlackElo "2379"]
[PlyCount "67"]
[EventDate "2018.??.??"]
[EventType "team-tourn"]

1. d4 Nf6 2. c4 g6 3. Nc3 Bg7 4. e4 d6 5. Nf3 O-O 6. Be2 e5 7. O-O Nc6 8. d5
Ne7 9. b4 Nh5 10. g3 f5 11. Ng5 a5 12. bxa5 Nf6 13. f3 Rxa5 14. a4 b6 15. Bd2
Ra8 16. Bd3 f4 17. Kg2 Bh6 18. Ne6 Bxe6 19. dxe6 Nh5 20. a5 Ng7 21. Qb3 bxa5
22. c5 dxc5 23. Na4 Qd4 24. Rad1 Rab8 25. Qc2 c4 26. Bxc4 Qa7 27. Bc3 Rfd8 28.
Bxe5 fxg3 29. hxg3 Ne8 30. Rd7 Bf8 31. Qd2 Qa8 32. Qf4 Nd6 33. Qf7+ Nxf7 34.
exf7# 1-0

[Event "BL 1718 SV Mülheim Nord - SV Werder Br"]
[Site "?"]
[Date "2018.04.30"]
[Round "14.6"]
[White "Rezasade, Amir"]
[Black "Werle, Jan"]
[Result "0-1"]
[WhiteElo "2357"]
[BlackElo "2524"]
[PlyCount "58"]
[EventDate "2018.??.??"]
[EventType "team-tourn"]

1. Nf3 f5 2. g3 Nf6 3. Bg2 g6 4. d4 Bg7 5. b4 Nc6 6. c3 d5 7. O-O O-O 8. a4 Kh8
9. Qc2 a6 10. Rd1 Be6 11. Nbd2 h6 12. h4 f4 13. Qxg6 Qc8 14. Qc2 Bf5 15. Qa2
fxg3 16. fxg3 Bh3 17. Nf1 Ne4 18. Bd2 Bxg2 19. Kxg2 Qg4 20. Be1 e6 21. Rd3 Ne7
22. Ne3 Qg6 23. Rad1 Rg8 24. c4 Bf6 25. Nf1 Nf5 26. Ne5 Nxh4+ 27. Kh2 Bxe5 28.
dxe5 Raf8 29. Nd2 Qh5 0-1

[Event "BL 1718 SV Mülheim Nord - SV Werder Br"]
[Site "?"]
[Date "2018.04.30"]
[Round "14.7"]
[White "Zumsande, Martin"]
[Black "van Osch, Mees"]
[Result "0-1"]
[WhiteElo "2450"]
[BlackElo "2287"]
[PlyCount "92"]
[EventDate "2018.??.??"]
[EventType "team-tourn"]

1. e4 e6 2. d4 d5 3. Nc3 Nf6 4. Bg5 Bb4 5. e5 h6 6. Bh4 g5 7. Bg3 Ne4 8. Nge2
c5 9. a3 Bxc3+ 10. Nxc3 Nxc3 11. bxc3 Qa5 12. Qd2 Nc6 13. dxc5 Qxc5 14. Bd3 b6
15. h4 Rg8 16. hxg5 hxg5 17. Kf1 Bb7 18. Rh7 Na5 19. a4 Rc8 20. Qe2 Qxc3 21.
Rd1 Nc4 22. Qh5 Rc7 23. Rh8 Rxh8 24. Qxh8+ Kd7 25. Qf6 Kc6 26. Qxg5 Ba6 27. Kg1
Kb7 28. Bf4 Nb2 29. Rc1 Qa3 30. Bxa6+ Kxa6 31. a5 Qxa5 32. Bd2 Qa4 33. c3 Kb7
34. Rb1 Qc2 35. Ra1 Nc4 36. Be1 Qb2 37. Rd1 Qe2 38. Ra1 Qxe5 39. Qd8 a5 40. f3
Qe3+ 41. Kh2 f5 42. Qg8 Qh6+ 43. Kg1 Rg7 44. Qd8 Qe3+ 45. Bf2 Qxf3 46. g3 Ne3
0-1

[Event "BL 1718 USV Dresden - Schachfreunde Ber"]
[Site "?"]
[Date "2018.04.30"]
[Round "14.1"]
[White "Piorun, Kacper"]
[Black "Gajewski, Grzegorz"]
[Result "0-1"]
[WhiteElo "2633"]
[BlackElo "2599"]
[PlyCount "64"]
[EventDate "2018.??.??"]
[EventType "team-tourn"]

1. c4 Nf6 2. g3 e6 3. Nf3 d5 4. b3 d4 5. e3 Nc6 6. exd4 Nxd4 7. Bg2 Bc5 8. Bb2
e5 9. b4 Nxf3+ 10. Bxf3 Bd4 11. Qb3 Bh3 12. Bxb7 O-O 13. Bf3 e4 14. Be2 c5 15.
Bxd4 cxd4 16. Bf1 Qd7 17. Na3 Bxf1 18. Rxf1 a5 19. b5 a4 20. Qb2 Ng4 21. O-O-O
Ne5 22. d3 Nxd3+ 23. Rxd3 exd3 24. Qd2 Qf5 25. Rd1 Rfe8 26. Qxd3 Qxf2 27. Rd2
Qe1+ 28. Kb2 Rad8 29. Nc2 a3+ 30. Kxa3 Qb1 31. Nb4 Re3 32. Qxe3 Ra8+ 0-1

[Event "BL 1718 USV Dresden - Schachfreunde Ber"]
[Site "?"]
[Date "2018.04.30"]
[Round "14.2"]
[White "Paehtz, Elisabeth"]
[Black "Mista, Aleksander"]
[Result "0-1"]
[WhiteElo "2475"]
[BlackElo "2590"]
[PlyCount "72"]
[EventDate "2018.??.??"]
[EventType "team-tourn"]

1. d4 Nf6 2. Nf3 g6 3. g3 Bg7 4. Bg2 d5 5. O-O O-O 6. c4 c6 7. cxd5 cxd5 8. Ne5
Bf5 9. Nc3 Ne4 10. Nxe4 Bxe4 11. Bh3 Qb6 12. a4 a5 13. Ra3 Rd8 14. Rb3 Qa7 15.
e3 Bxe5 16. dxe5 Nc6 17. e6 f6 18. f3 Bb1 19. Ra3 Ne5 20. Ra1 Bd3 21. Rf2 Ba6
22. Qd4 Rdc8 23. Qxa7 Rxa7 24. Bd2 Nd3 25. Rg2 Nxb2 26. Bxa5 Nc4 27. Bc3 b6 28.
Bd4 Rac7 29. Rf2 Ne5 30. Bxe5 Rc1+ 31. Rxc1 Rxc1+ 32. Kg2 fxe5 33. f4 d4 34.
Bg4 dxe3 35. Rb2 Bf1+ 36. Kf3 e2 0-1

[Event "BL 1718 USV Dresden - Schachfreunde Ber"]
[Site "?"]
[Date "2018.04.30"]
[Round "14.3"]
[White "Tomczak, Jacek"]
[Black "Vogel, Roven"]
[Result "1/2-1/2"]
[WhiteElo "2589"]
[BlackElo "2449"]
[PlyCount "48"]
[EventDate "2018.??.??"]
[EventType "team-tourn"]

1. e4 c6 2. d4 d5 3. e5 Bf5 4. Nf3 e6 5. Be2 c5 6. Be3 cxd4 7. Nxd4 Ne7 8. c4
dxc4 9. Nc3 a6 10. Qa4+ Nbc6 11. Rd1 Qa5 12. Qxa5 Nxa5 13. O-O Rc8 14. Na4 b5
15. Nb6 Rb8 16. a4 Nac6 17. Nxc6 Nxc6 18. Nd7 Rd8 19. Bf3 Nb4 20. Nc5 Be7 21.
Rxd8+ Bxd8 22. Bd2 Nd5 23. Nxa6 bxa4 24. Rc1 Bd3 1/2-1/2

[Event "BL 1718 USV Dresden - Schachfreunde Ber"]
[Site "?"]
[Date "2018.04.30"]
[Round "14.4"]
[White "Neef, Maximilian"]
[Black "Jakubowski, Krzysztof"]
[Result "1/2-1/2"]
[WhiteElo "2455"]
[BlackElo "2508"]
[PlyCount "146"]
[EventDate "2018.??.??"]
[EventType "team-tourn"]

1. Nf3 c5 2. c4 Nf6 3. Nc3 Nc6 4. g3 d5 5. d4 e6 6. cxd5 Nxd5 7. Bg2 Nxc3 8.
bxc3 Be7 9. O-O O-O 10. e4 b6 11. d5 Na5 12. Qc2 exd5 13. exd5 Nc4 14. Bf4 Nd6
15. Ne5 Bf5 16. Qc1 Bf6 17. Re1 h6 18. h4 Re8 19. g4 Bh7 20. g5 hxg5 21. hxg5
Bxe5 22. Bxe5 Nc4 23. Qf4 Nb2 24. Re3 Nd3 25. Qg3 Qd7 26. d6 Rad8 27. Bh3 Bf5
28. Rxd3 Bxh3 29. Re3 Qg4 30. Kh2 Qxg3+ 31. Kxg3 Bc8 32. a4 f6 33. gxf6 gxf6
34. Bf4 Rxe3+ 35. fxe3 Kf7 36. a5 b5 37. Rh1 Ke6 38. Rh5 f5 39. e4 Rg8+ 40. Kf2
fxe4 41. Rxc5 a6 42. Re5+ Kf6 43. Rxe4 Be6 44. Bc1 Kf5 45. Re3 Rg4 46. Rd3 Bd7
47. Ba3 Rf4+ 48. Ke3 Rh4 49. Kd2 Rh2+ 50. Kc1 Ke5 51. Bb4 Rh1+ 52. Kd2 Rh2+ 53.
Ke1 Rh3 54. Rd4 Rh1+ 55. Kf2 Rh2+ 56. Kg1 Rh7 57. Rd2 Bc6 58. Rd4 Bd7 59. Kg2
Bc6+ 60. Kg3 Rg7+ 61. Kf2 Rh7 62. Rg4 Rh2+ 63. Ke3 Rh3+ 64. Kd2 Rh2+ 65. Kc1
Rh1+ 66. Kb2 Rh2+ 67. Kc1 Rh1+ 68. Kd2 Rh2+ 69. Ke3 Rh3+ 70. Kf2 Rh2+ 71. Kg3
Rg2+ 72. Kh4 Rxg4+ 73. Kxg4 Bd7+ 1/2-1/2

[Event "BL 1718 USV Dresden - Schachfreunde Ber"]
[Site "?"]
[Date "2018.04.30"]
[Round "14.5"]
[White "Sprenger, Jan Michael"]
[Black "Maiwald, Jens-Uwe"]
[Result "1/2-1/2"]
[WhiteElo "2496"]
[BlackElo "2441"]
[PlyCount "51"]
[EventDate "2018.??.??"]
[EventType "team-tourn"]

1. e4 d6 2. d4 Nf6 3. Nc3 e5 4. Nf3 Nbd7 5. Bc4 Be7 6. a4 O-O 7. O-O a6 8. Re1
b6 9. d5 a5 10. Bb5 Nc5 11. Nd2 Nfd7 12. Nc4 Bg5 13. Bc6 Rb8 14. Bxg5 Qxg5 15.
Nb5 Na6 16. Na7 Ndc5 17. Nxc8 Rbxc8 18. Bb5 f5 19. Nd2 fxe4 20. Bxa6 Nxa6 21.
Nxe4 Qf5 22. c3 Nc5 23. f3 Nxe4 24. Rxe4 Rf7 25. b4 Ra8 26. Qe2 1/2-1/2

[Event "BL 1718 USV Dresden - Schachfreunde Ber"]
[Site "?"]
[Date "2018.04.30"]
[Round "14.6"]
[White "Tischbierek, Raj"]
[Black "Schreiner, Peter"]
[Result "1-0"]
[WhiteElo "2429"]
[BlackElo "2473"]
[PlyCount "87"]
[EventDate "2018.??.??"]
[EventType "team-tourn"]

1. e4 e5 2. Nf3 Nc6 3. Bc4 Nf6 4. d3 h6 5. O-O d6 6. c3 g5 7. d4 g4 8. Nfd2 Bg7
9. Bb5 Bd7 10. d5 Ne7 11. c4 c6 12. dxc6 bxc6 13. Ba4 h5 14. Nc3 h4 15. g3 hxg3
16. fxg3 Qb6+ 17. Kg2 Qc7 18. Rf2 Ng6 19. c5 Be6 20. Qf1 Nd7 21. cxd6 Qxd6 22.
Nc4 Qc5 23. Ne3 Nf4+ 24. Kh1 Nh3 25. Rc2 Qb6 26. Nf5 Bxf5 27. exf5 O-O 28. Ne4
Rac8 29. Qe1 Qd4 30. Bb3 Nf6 31. Rc4 Nxe4 32. Rxd4 exd4 33. f6 Rfe8 34. Qf1
Bxf6 35. Qf5 Nhf2+ 36. Kg2 Kg7 37. Qh5 Rc7 38. Qh6+ Kg8 39. Qg6+ Kf8 40. Bh6+
Ke7 41. Bxf7 Rh8 42. Bg7 Bxg7 43. Qxg7 Rd8 44. Bg6+ 1-0

[Event "BL 1718 USV Dresden - Schachfreunde Ber"]
[Site "?"]
[Date "2018.04.30"]
[Round "14.7"]
[White "Abel, Dennes"]
[Black "Gauglitz, Gernot"]
[Result "1/2-1/2"]
[WhiteElo "2471"]
[BlackElo "2386"]
[PlyCount "143"]
[EventDate "2018.??.??"]
[EventType "team-tourn"]

1. d4 Nf6 2. c4 g6 3. Nc3 Bg7 4. e4 d6 5. Be2 O-O 6. Nf3 e5 7. Be3 Nc6 8. d5
Ne7 9. Nd2 Ne8 10. c5 f5 11. f3 dxc5 12. Bxc5 b6 13. Bf2 Nd6 14. Qc2 Bd7 15.
O-O g5 16. exf5 Bxf5 17. Bd3 c6 18. dxc6 Nxc6 19. Nce4 Nxe4 20. Bxe4 Nd4 21.
Bxd4 Qxd4+ 22. Kh1 Rac8 23. Qb3+ Kh8 24. Bxf5 Rxf5 25. Ne4 Rff8 26. Nxg5 Qc4
27. Ne4 Qxb3 28. axb3 a5 29. Rfc1 Bh6 30. Rc3 Rfd8 31. Kg1 Bd2 32. Rc4 Be3+ 33.
Kf1 Bd4 34. Rxc8 Rxc8 35. Nc3 Rc5 36. Rc1 b5 37. Ke2 b4 38. Na2 Rxc1 39. Nxc1
Bxb2 40. Kd2 Kg7 41. Ne2 e4 42. fxe4 Kf6 43. Kd3 Ke5 44. Ng1 Kd6 45. Nf3 Kc5
46. g4 Kb5 47. e5 Kc5 48. g5 Kd5 49. h4 Bc1 50. h5 Bf4 51. g6 hxg6 52. hxg6 Bh6
53. Ng5 Bg7 54. e6 Kd6 55. Kc4 Ke7 56. Kb5 Bh6 57. Kxa5 Kf6 58. Nf7 Bf8 59. Nd8
Ke7 60. Nb7 Kxe6 61. Kb5 Kf6 62. Nc5 Kxg6 63. Kxb4 Bh6 64. Kc3 Kf6 65. b4 Ke5
66. Kc4 Kd6 67. b5 Be3 68. Ne4+ Kc7 69. Nc3 Bg1 70. Nd5+ Kd6 71. Nc3 Kc7 72.
Ne4 1/2-1/2